000 00577nam a2200217Ia 4500
003 0100
008 130303s9999 xx 000 0 und d
040 _cARRUPELIB
050 _aREF.BS491.2.B7 1968
245 4 _aThe Jerome Biblical Commentary
245 _bThe Old Testament, The New Testament and Topical Articles
260 _aLondon
260 _bGeoffrey Chapman
260 _C1968
300 _axxxvi
300 _b 889p 27cm.
650 _aBIBLE
650 _bConduct of life -- Collected works
700 _aBrown, Raymond E ; (eds.) et al
942 0 0 _04
999 _c34713
_d34713